000 00434nam a22001577a 4500
003 MACL
005 20251005154207.0
008 251005b |||||||| |||| 00| 0 eng d
040 _cMACL
082 _a340
100 _aGarg, Sandeep
_983354
245 _aThe Bharatiya Sakshya Adhiniyam, 2023
260 _aDaryagang, New Delhi
_bCommercial Law Publishers India Pvt. Ltd.
_c2025
650 _aLAW, Bare Act
_983355
942 _2ddc
_cBK
999 _c68224
_d68224